00806nam a2200205 a 450000100100000000500170001000800410002702000180006804000250008608200220011110000180013324501650015126000790031630000310039550000750042665000290050165000250053065000180055565000270057300002109420200930011231.0100831s2007 ho c 000 0 spa d a9789992610763 aDO-SdBNPbspacBNPHU a809.933352bL297c1 aLanza, Carlos10aContrapunto de la forma :bensayos críticos sobre arte hondureño y centroamericano /cCarlos Lanza, Ramón Caballero ; presentación José Antonio Funes. aTegucigalpa, Honduras :bSecretaría de Cultura, Artes y Deportes,c2007. a281 p. :bretrs. ;c22 cm. aIncluye datos biográficos de los autores en la solapa de la cubierta 4aArte hondureñoxEnsayo 4aArte centroamericano 4aArte-historia 4aApreciación del arte